Quick Click Reflex Blitz Quiz Stats

Quiz Updated May 25, 2015

Challenge
Share
Tweet
Embed
Score 0/100 Timer 03:00
0 Plays Today
% Correct
24
82.2%
12
82.1%
5
82.1%
31
82.1%
64
82.1%
70
82.1%
1
82.1%
26
82%
50
82%
51
82%
15
82%
11
82%
100
82%
3
82%
27
82%
67
82%
17
82%
25
82%
30
82%
61
82%
6
82%
8
82%
32
82%
53
82%
18
81.9%
42
81.9%
46
81.9%
94
82%
57
81.9%
73
81.9%
10
81.9%
78
81.9%
44
81.9%
47
81.9%
% Correct
84
81.9%
59
81.9%
81
81.9%
99
81.9%
40
81.9%
82
81.9%
21
81.9%
75
81.9%
77
81.9%
2
81.8%
52
81.8%
63
81.8%
72
81.8%
74
81.8%
83
81.8%
13
81.8%
35
81.8%
7
81.8%
38
81.8%
62
81.8%
71
81.8%
14
81.8%
58
81.8%
92
81.8%
16
81.7%
37
81.8%
91
81.7%
29
81.7%
49
81.7%
45
81.7%
60
81.7%
19
81.7%
48
81.7%
23
81.7%
% Correct
4
81.7%
66
81.7%
28
81.7%
20
81.7%
34
81.7%
43
81.7%
9
81.7%
39
81.7%
85
81.7%
22
81.7%
36
81.7%
89
81.6%
97
81.6%
79
81.6%
76
81.6%
80
81.6%
54
81.6%
98
81.6%
41
81.6%
65
81.6%
87
81.6%
55
81.6%
86
81.6%
93
81.5%
96
81.5%
56
81.5%
33
81.5%
95
81.5%
68
81.4%
69
81.4%
88
81.4%
90
81.4%

You're not logged in!

Compare scores with friends on all Sporcle quizzes.
Sign Up with Email
OR
Log In

You Might Also Like...

Show Comments

Extras

Top Quizzes Today


Score Distribution

Your Account Isn't Verified!

In order to create a playlist on Sporcle, you need to verify the email address you used during registration. Go to your Sporcle Settings to finish the process.